Fonte das idéias (Record no. 50115)

MARC details
000 -LÍDER
campo de controle de tamanho fixo 00352 a2200157 4500
001 - NÚMERO DE CONTROLE
campo de controle 50115
040 ## - FONTE DA CATALOGAÇÃO
Instituição que transcreveu o registro Anchieta - Bela Vista
100 ## - ENTRADA PRINCIPAL--NOME PESSOAL
Nome pessoal Anchietinha Itaigara
240 10 - TÍTULO UNIFORME
Título uniforme Fonte das idéias
Idioma da obra por
245 10 - TÍTULO
Título Fonte das idéias
300 ## - DESCRIÇÃO FÍSICA
Extensão 30
362 0# - DATAS DE PUBLICAÇÃO E/OU DESIGNAÇÃO SEQUENCIAL
Datas de publicação e/ou designação sequencial 2007
440 #1 - DECLARAÇÃO DE SÉRIE/ENTRADA ADICIONADA--TÍTULO
Título Anchietinha Itaigara
650 #4 - ASSUNTO--TERMO TÓPICO
Cabeçalho tópico ou nome geográfico Literatura juvenil
942 ## - ELEMENTOS DE ENTRADA ADICIONADOS (KOHA)
Tipo de material Koha Livros
Holdings
Situação do descarte Situação das perdas Situação física Não pode ser emprestado Biblioteca de origem Biblioteca atual Data de aquisição Total de empréstimos Número de chamada completo Código de barras Data de último acesso Data do preço efetivo Tipo de material Koha
        Colégio Anchieta - Bela Vista Colégio Anchieta - Bela Vista 21/11/2023   LJ 028.5 A539f ANC FON 3583/BEL 21/11/2023 21/11/2023 Livros